The Almanack of Naval Ravikant (Record no. 369821)

MARC details
000 -LEADER
fixed length control field 00489nam a2200169 4500
005 - DATE AND TIME OF LATEST TRANSACTION
control field 20260109141538.0
008 - FIXED-LENGTH DATA ELEMENTS--GENERAL INFORMATION
fixed length control field 260109b |||||||| |||| 00| 0 eng d
020 ## - INTERNATIONAL STANDARD BOOK NUMBER
International Standard Book Number 978-93-5489-389-6
041 ## - LANGUAGE CODE
Language code of text/sound track or separate title English
082 ## - DEWEY DECIMAL CLASSIFICATION NUMBER
Classification number X 158.1 JOR
Item number B12152
100 ## - MAIN ENTRY--PERSONAL NAME
Author Jorgenson, Eric
245 ## - TITLE STATEMENT
Title The Almanack of Naval Ravikant
Remainder of title : A guide to wealth and happiness
260 ## - PUBLICATION, DISTRIBUTION, ETC.
Place of publication, distribution, etc. Haryana
Name of publisher, distributor, etc. HarperCollins publishers
Date of publication, distribution, etc. 2021
300 ## - PHYSICAL DESCRIPTION
Extent 241p.
Other physical details pb
365 ## - TRADE PRICE
Price type code Rupaye
Price amount 264
Currency code INR
942 ## - ADDED ENTRY ELEMENTS (KOHA)
Koha item type Books
Holdings
Withdrawn status Lost status Source of classification or shelving scheme Damaged status Not for loan Collection code Home library Current library Date acquired Vendor Net Price Bill number Total Checkouts Full call number Barcode Date last seen Actual Price Bill Date Koha item type Original Barcode
    Dewey Decimal Classification     Non-fiction Smt. Bakul Tambat Institute of Nursing Education Smt. Bakul Tambat Institute of Nursing Education 30/12/2025 Amazon(online) 171-7413001-8234748 264.00 HYD8-7008103   X 158.1 JOR B12152 BTIN-BK-12152 09/01/2026 264.00 04/12/2025 Books BTIN-BK-12152